000 00596nam a2200217Ia 4500
005 20241129105834.0
008 241129s9999||||xx |||||||||||||| ||und||
020 _a978-93-5572-408-3
037 _aTB
040 _aARTS
_beng
_cARTS
041 _aeng
_2eng
084 _aAv2 R3
_qARTS
100 _aDeepak Kumar Au.
_9546497
245 0 _aCulture of science and the making of modern India
_cDeepak Kumar Au.
260 _aDelhi, India
_bPrimus Books
_c2022
300 _axvi,314p.
365 _aINR
_b1695
650 _aScience
942 _cTB
_hAv2 R3
999 _c1226217
_d1226217